000
00225nam a22001097a 4500
999
_c
65422
_d
65419
082
_a
297
100
_a
RICHARD TAMES
245
_a
APROACHES TO ISLAM
260
_a
LONDON
_b
JOHON MURRY LTD
_c
1982
300
_a
264
942
_c
BK